Pays où le suicide assisté et l'euthanasie sont légaux - Statistiques

Statistiques générales
  • Ce quiz a été pris 215 fois
  • Le résultat moyen est 56 sur 96
Statistiques - réponses
Hint Pays % Correct
Euthanasie Passive États-Unis
93%
Suicide assisté États-Unis (certains états)
92%
Suicide assisté Suisse
91%
Euthanasie Passive Suisse
91%
Suicide assisté Canada
89%
Euthanasie Passive Canada
89%
Suicide assisté Espagne
88%
Euthanasie active Espagne
88%
Euthanasie Passive Espagne
88%
Suicide assisté Belgique
87%
Euthanasie active Belgique
87%
Euthanasie Passive Belgique
87%
Euthanasie Passive France
87%
Suicide assisté Allemagne
85%
Euthanasie Passive Allemagne
85%
Suicide assisté Suède
85%
Euthanasie Passive Suède
85%
Euthanasie Passive Finlande
82%
Suicide assisté Italie
81%
Euthanasie Passive Italie
81%
Euthanasie Passive Norvège
81%
Euthanasie Passive Brésil
80%
Euthanasie Passive Mexique
79%
Euthanasie Passive Royaume-Uni
78%
Suicide assisté Pays-Bas
77%
Euthanasie active Pays-Bas
77%
Euthanasie Passive Pays-Bas
77%
Euthanasie Passive Portugal
77%
Suicide assisté Australie (certains états)
75%
Euthanasie active Australie (certains états)
75%
Euthanasie Passive Australie (certains états)
75%
Suicide assisté Autriche
72%
Euthanasie Passive Autriche
72%
Euthanasie Passive Pologne
72%
Euthanasie Passive Argentine
70%
Euthanasie Passive Danemark
70%
Suicide assisté Luxembourg
68%
Euthanasie active Luxembourg
68%
Euthanasie Passive Luxembourg
68%
Euthanasie Passive Irlande
67%
Euthanasie Passive Islande
66%
Euthanasie Passive Chili
65%
Euthanasie Passive Grèce
65%
Euthanasie Passive Estonie
64%
Suicide assisté Colombie
62%
Euthanasie active Colombie
62%
Euthanasie Passive Colombie
62%
Euthanasie Passive Lettonie
62%
Euthanasie Passive Lituanie
62%
Euthanasie active Corée du Sud
61%
Euthanasie Passive Corée du Sud
61%
Suicide assisté Nouvelle-Zélande
61%
Euthanasie active Nouvelle-Zélande
61%
Euthanasie Passive Nouvelle-Zélande
61%
Euthanasie Passive Slovaquie
61%
Euthanasie Passive Slovénie
60%
Euthanasie Passive Hongrie
58%
Euthanasie Passive République Tchèque
58%
Euthanasie Passive Inde
56%
Euthanasie Passive Andorre
55%
Euthanasie Passive Croatie
55%
Euthanasie Passive Pérou
55%
Euthanasie Passive Albanie
54%
Euthanasie Passive Roumanie
54%
Euthanasie Passive Ukraine
52%
Euthanasie Passive Serbie
50%
Euthanasie Passive Afrique du Sud
49%
Euthanasie Passive Bulgarie
49%
Euthanasie Passive Uruguay
49%
Euthanasie Passive Turquie
47%
Euthanasie Passive Bolivie
46%
Euthanasie Passive Monaco
46%
Euthanasie Passive Venezuela
44%
Euthanasie Passive Équateur
43%
Euthanasie Passive Malte
39%
Euthanasie active Israël
37%
Euthanasie Passive Israël
37%
Euthanasie Passive Panama
34%
Euthanasie Passive Thaïlande
33%
Euthanasie Passive Costa Rica
32%
Euthanasie Passive Kosovo
32%
Euthanasie Passive Singapour
29%
Euthanasie Passive Chypre
28%
Euthanasie Passive Taïwan
28%
Euthanasie Passive Arménie
22%
Euthanasie Passive Guyana
22%
Euthanasie Passive Nicaragua
20%
Euthanasie Passive Salvador
20%
Euthanasie Passive Émirats arabes unis
16%
Euthanasie Passive Fidji
12%
Euthanasie Passive Kazakhstan
12%
Euthanasie Passive République dominicaine
12%
Euthanasie Passive Éthiopie
11%
Euthanasie Passive Nigéria
8%
Euthanasie Passive Trinité-et-Tobago
7%
Euthanasie Passive Namibie
4%
Aucun quiz correspondant
Distribution des résultats
% des personnes avec chaque résultat
Percentile par nombre de réponses
Votre historique - résultats
Vous n’avez pas pris ce quiz